Antony Worrall Thompson's GL Diet made Simple (Record no. 14288)

MARC details
000 -LEADER
fixed length control field 00400nam a2200145Ia 4500
008 - FIXED-LENGTH DATA ELEMENTS--GENERAL INFORMATION
fixed length control field 230312s9999||||xx |||||||||||||| ||und||
020 ## - INTERNATIONAL STANDARD BOOK NUMBER
International Standard Book Number 978-1856266628
082 ## - DEWEY DECIMAL CLASSIFICATION NUMBER
Classification number 641.56383
Item number THO-A
100 ## - MAIN ENTRY--PERSONAL NAME
Personal name Thompson, Antony Worrall
245 #0 - TITLE STATEMENT
Title Antony Worrall Thompson's GL Diet made Simple
260 ## - PUBLICATION, DISTRIBUTION, ETC.
Name of publisher, distributor, etc. Kyle Cathie LTD
Place of publication, distribution, etc. UK
Date of publication, distribution, etc. 2006
300 ## - PHYSICAL DESCRIPTION
Extent 160
650 ## - SUBJECT ADDED ENTRY--TOPICAL TERM
Topical term or geographic name entry element Food Science
Form subdivision Food Industry
942 ## - ADDED ENTRY ELEMENTS (KOHA)
Koha item type BOOK
Holdings
Withdrawn status Lost status Source of classification or shelving scheme Damaged status Not for loan Home library Current library Date acquired Total Checkouts Full call number Barcode Date last seen Price effective from Koha item type
    Dewey Decimal Classification     Superior Information Resource Center (SIRC) Superior University- Main Campus Superior Information Resource Center (SIRC) Superior University- Main Campus 03/13/2023   641.56383 THO-A 14423 03/13/2023 03/13/2023 BOOK

Powered by Koha